|
|
|
|
| LEADER |
00000nnm a2200000 i 4500 |
| 001 |
dolg10991 |
| 005 |
20170623115637.0 |
| 008 |
170512suuuu hu o 000 hun d |
| 040 |
|
|
|a BGE Dolgozattár Repozitórium
|b hun
|
| 041 |
|
|
|a hu
|
| 100 |
1 |
|
|a Kohári Attiláné
|
| 245 |
1 |
2 |
|a A CsillámVilág Body Art Kft. működésének vállalatgazdasági elemzése
|c Kohári Attiláné
|h [elektronikus dokumentum]
|
| 246 |
1 |
1 |
|a A CsillámVilág Body Art Kft. működésének vállalatgazdasági elemzése
|
| 516 |
|
|
|a Project_work
|
| 695 |
|
|
|a Webáruház
|
| 695 |
|
|
|a webshop
|
| 700 |
1 |
|
|a Katz György
|e ths
|
| 856 |
4 |
0 |
|u http://dolgozattar.uni-bge.hu/10991/1/Projektmunka%2C%20Koh%C3%A1ri%20Attil%C3%A1n%C3%A9.pdf
|z Dokumentum-elérés
|